[Event "27th 4NCL Congress Open 2022"]
[Site "Harrogate"]
[Date "2022.01.22"]
[Round "2.14"]
[White "Smith, Andrew Philip"]
[Black "Lampard, Alice"]
[Result "1/2-1/2"]
[WhiteElo "2112"]
[BlackElo "1754"]
[Annotator "NA"]
[PlyCount "73"]
[EventDate "2022.01.21"]
[EventType "swiss"]
[EventCountry "ENG"]
[SourceTitle "playchess.com"]
[Source "ChessBase"]
[SourceQuality "1"]
[TimeControl "5400+30"]

1. e4 {[%emt 0:03:17]} c5 {[%emt 0:00:14]} 2. Nf3 {[%emt 0:00:33]} Nc6 {[%emt 0:00:26]} 3. b3 {[%emt 0:00:27]} d6 {[%emt 0:02:09]} 4. Bb2 {[%emt 0:01:25]} Nf6 {[%emt 0:01:10]} 5. Nc3 {[%emt 0:02:11]} e5 {[%emt 0:04:30]} 6. Bc4 {[%emt 0:06:01]} Be7 {[%emt 0:04:56]} 7. h3 {[%emt 0:00:57]} Bd7 {[%emt 0:01:45]} 8. Qe2 {[%emt 0:07:02]} h6 {[%emt 0:03:59]} 9. Nd5 {[%emt 0:20:55]} Rb8 {[%emt 0:09:38]} 10. c3 {[%emt 0:01:56]} a6 {[%emt 0:06:57]} 11. O-O {[%emt 0:03:53]} b5 {[%emt 0:04:28]} 12. Nxf6+ {[%emt 0:01:28]} Bxf6 {[%emt 0:02:52]} 13. Bd5 {[%emt 0:01:12]} O-O {[%emt 0:04:29]} 14. d4 $1 {[%emt 0:01:27]} exd4 {[%emt 0:12:54]} 15. cxd4 {[%emt 0:00:45]} Re8 {[%emt 0:01:21]} 16. dxc5 {[%emt 0:07:52]} Bxb2 {[%emt 0:04:36]} (16... dxc5 $11 17. Rad1 Qe7) 17. Qxb2 {[%emt 0:00:13]} dxc5 {[%emt 0:00:52]} 18. Rac1 {[%emt 0:11:23]} Nb4 $11 {[%emt 0:10:43]} 19. Rfd1 {[%emt 0:03:21]} Qe7 {[%emt 0:01:54]} 20. a3 {[%emt 0:07:32]} Nxd5 {[%emt 0:03:52]} 21. exd5 {[%emt 0:08:13]} Qd6 {[%emt 0:04:37]} 22. Qc3 {[%emt 0:05:05]} Rbc8 {[%emt 0:06:36]} 23. Nd2 {[%emt 0:00:49]} Re5 {[%emt 0:03:17]} 24. Nf1 {[%emt 0:01:21]} Rxd5 {[%emt 0:01:03]} 25. Ne3 {[%emt 0:00:07]} Rd4 {[%emt 0:02:08]} 26. Qa1 {[%emt 0:02:34]} Be6 {[%emt 0:00:53]} 27. b4 {[%emt 0:00:13]} Rxd1+ {[%emt 0:00:38]} 28. Rxd1 {[%emt 0:00:05]} Qe7 {[%emt 0:00:17]} 29. Qe5 {[%emt 0:01:18]} Qf8 {[%emt 0:01:03]} 30. Rd6 {[%emt 0:00:26]} c4 {[%emt 0:00:40]} 31. Rxa6 {[%emt 0:00:38]} c3 {[%emt 0:00:23]} 32. Nc2 {[%emt 0:00:07]} Bb3 {[%emt 0:00:22]} 33. Qe4 {[%emt 0:00:58]} Re8 {[%emt 0:00:33]} 34. Qd3 {[%emt 0:00:18]} Bxc2 {[%emt 0:00:28]} 35. Qxc2 {[%emt 0:00:13]} Rc8 {[%emt 0:00:31]} 36. Ra7 {[%emt 0:00:47]} Qe8 {[%emt 0:00:30]} 37. g3 {[%emt 0:02:10]} 1/2-1/2

[Event "27th 4NCL Congress Open 2022"]
[Site "Harrogate"]
[Date "2022.01.22"]
[Round "2.15"]
[White "Wynarczyk, Raymond"]
[Black "Eagleton, Greg T"]
[Result "1/2-1/2"]
[WhiteElo "1752"]
[BlackElo "2078"]
[Annotator "ChessBase"]
[PlyCount "45"]
[EventDate "2022.01.21"]
[EventType "swiss"]
[EventCountry "ENG"]
[SourceTitle "playchess.com"]
[Source "ChessBase"]
[SourceQuality "1"]
[TimeControl "5400+30"]

1. e4 {[%emt 0:00:05]} c5 {[%emt 0:02:50]} 2. Nf3 {[%emt 0:00:08]} d6 {[%emt 0:00:09]} 3. Bb5+ {[%emt 0:00:11]} Nd7 {[%emt 0:00:42]} 4. d4 {[%emt 0:00:31]} cxd4 {[%emt 0:00:34]} 5. Qxd4 {[%emt 0:00:09]} a6 {[%emt 0:00:08]} 6. Bxd7+ {[%emt 0:01:01]} Bxd7 {[%emt 0:00:33]} 7. Nc3 {[%emt 0:00:19]} e5 {[%emt 0:07:40]} 8. Qd3 {[%emt 0:01:43]} h6 {[%emt 0:02:09]} 9. O-O {[%emt 0:01:17]} Nf6 {[%emt 0:01:12]} 10. h3 {[%emt 0:01:36]} Be7 {[%emt 0:02:21]} 11. Be3 {[%emt 0:01:01]} O-O {[%emt 0:07:47]} 12. Rfe1 {[%emt 0:03:30]} b5 {[%emt 0:04:37]} 13. a3 {[%emt 0:03:08]} Qc7 {[%emt 0:00:15]} 14. Nh4 {[%emt 0:03:02]} Rac8 {[%emt 0:07:41]} 15. Nf5 {[%emt 0:01:20]} Bxf5 {[%emt 0:02:02]} 16. exf5 {[%emt 0:00:08]} d5 {[%emt 0:05:53]} 17. Nxd5 {[%emt 0:02:15]} Nxd5 {[%emt 0:00:15]} 18. Qxd5 {[%emt 0:00:09]} Rfd8 {[%emt 0:00:38]} 19. Qe4 {[%emt 0:02:32]} Qxc2 {[%emt 0:00:55]} 20. Qg4 {[%emt 0:02:30]} Rc4 {[%emt 0:06:44]} 21. Rac1 {[%emt 0:04:52]} Qxc1 {[%emt 0:10:25]} 22. Rxc1 {[%emt 0:00:21]} Rxg4 {[%emt 0:00:05]} 23. hxg4 {[%emt 0:00:23]} 1/2-1/2

[Event "27th 4NCL Congress Open 2022"]
[Site "Harrogate"]
[Date "2022.01.22"]
[Round "2.16"]
[White "Gardiner, Eric D"]
[Black "Sheppard, Derek Alan"]
[Result "1-0"]
[WhiteElo "1982"]
[BlackElo "1692"]
[Annotator "NA"]
[PlyCount "55"]
[EventDate "2022.01.21"]
[EventType "swiss"]
[EventCountry "ENG"]
[SourceTitle "playchess.com"]
[Source "ChessBase"]
[SourceQuality "1"]
[TimeControl "5400+30"]

1. e4 {[%emt 0:00:05]} c5 {[%emt 0:00:08]} 2. c3 {[%emt 0:00:09]} d5 {[%emt 0:00:14]} 3. exd5 {[%emt 0:00:09]} Qxd5 {[%emt 0:00:08]} 4. d4 {[%emt 0:00:14]} cxd4 {[%emt 0:00:41]} 5. cxd4 {[%emt 0:00:09]} Nc6 {[%emt 0:03:27]} 6. Nf3 {[%emt 0:00:38]} Bg4 {[%emt 0:04:12]} 7. Nc3 {[%emt 0:00:22]} Qd8 {[%emt 0:02:50]} 8. d5 {[%emt 0:04:17]} Bxf3 {[%emt 0:07:17]} 9. gxf3 {[%emt 0:02:51]} Ne5 {[%emt 0:04:42]} 10. f4 {[%emt 0:01:44]} Nd7 {[%emt 0:00:16]} 11. Bg2 {[%emt 0:03:10]} Ngf6 {[%emt 0:02:15]} 12. Be3 {[%emt 0:04:37]} g6 {[%emt 0:00:40]} 13. O-O {[%emt 0:03:50]} Bg7 {[%emt 0:00:09]} 14. d6 {[%emt 0:04:34]} O-O {[%emt 0:11:43]} 15. f5 {[%emt 0:08:44]} exd6 {[%emt 0:08:31]} 16. Qxd6 {[%emt 0:03:13]} Ng4 {[%emt 0:08:13]} 17. Qg3 $11 {[%emt 0:13:17]} (17. Bxb7 $2 Rb8 18. f6 Bxf6 $19) 17... gxf5 {[%emt 0:11:15]} 18. Bf4 {[%emt 0:01:32]} ({Reject} 18. Bxb7 Nxe3 19. Qxe3 (19. fxe3 Rb8 $15) 19... Re8 $15) 18... Nge5 {[%emt 0:06:08]} 19. Rad1 {[%emt 0:10:40]} Qf6 {[%emt 0:00:48]} 20. Nd5 {[%emt 0:03:30]} Qa6 {[%emt 0:06:02]} 21. Nc7 {[%emt 0:04:40]} Qf6 {[%emt 0:01:19]} 22. Nxa8 {[%emt 0:00:48]} Rxa8 {[%emt 0:00:10]} 23. Rd2 {[%emt 0:05:06]} Kh8 {[%emt 0:01:29]} 24. Rfd1 {[%emt 0:02:07]} Qe7 {[%emt 0:05:37]} 25. Qe3 {[%emt 0:07:06]} Re8 {[%emt 0:08:04]} 26. b3 {[%emt 0:02:28]} Bf6 {[%emt 0:04:10]} 27. Kf1 {[%emt 0:04:13]} Rd8 {[%emt 0:00:34]} 28. Bxe5 {[%emt 0:04:53]} 1-0

[Event "27th 4NCL Congress Open 2022"]
[Site "Harrogate"]
[Date "2022.01.22"]
[Round "2.17"]
[White "Hepworth, Peter"]
[Black "Longson, Sarah N"]
[Result "1/2-1/2"]
[WhiteElo "2007"]
[BlackElo "2036"]
[Annotator "ChessBase"]
[PlyCount "64"]
[EventDate "2022.01.21"]
[EventType "swiss"]
[EventCountry "ENG"]
[SourceTitle "playchess.com"]
[Source "ChessBase"]
[SourceQuality "1"]
[TimeControl "5400+30"]

1. Nf3 {[%emt 0:00:43]} Nf6 {[%emt 0:00:15]} 2. d4 {[%emt 0:00:20]} d5 {[%emt 0:00:07]} 3. Bf4 {[%emt 0:00:43]} Bf5 {[%emt 0:03:31]} 4. e3 {[%emt 0:00:36]} e6 {[%emt 0:00:39]} 5. Be2 {[%emt 0:01:12]} Bd6 {[%emt 0:03:00]} 6. Bg5 {[%emt 0:02:54]} h6 {[%emt 0:00:56]} 7. Bh4 {[%emt 0:00:13]} Nbd7 {[%emt 0:00:46]} 8. Nbd2 {[%emt 0:01:19]} c6 {[%emt 0:02:55]} 9. O-O {[%emt 0:00:58]} O-O {[%emt 0:00:41]} 10. c4 {[%emt 0:01:39]} Qe7 {[%emt 0:06:53]} 11. a3 {[%emt 0:08:48]} e5 {[%emt 0:06:23]} 12. c5 {[%emt 0:01:55]} Bc7 {[%emt 0:01:37]} 13. b4 {[%emt 0:00:22]} Rfe8 {[%emt 0:15:08]} 14. Rc1 {[%emt 0:01:09]} g5 {[%emt 0:21:07]} 15. Bg3 {[%emt 0:00:49]} Ne4 {[%emt 0:00:38]} 16. dxe5 {[%emt 0:08:00]} Nxg3 {[%emt 0:01:35]} 17. hxg3 {[%emt 0:01:02]} Nxe5 {[%emt 0:01:32]} 18. Nb3 {[%emt 0:01:22]} Ng4 {[%emt 0:04:10]} 19. Nfd4 {[%emt 0:00:51]} Nxe3 {[%emt 0:00:23]} 20. Nxf5 {[%emt 0:08:30]} Nxf5 {[%emt 0:01:14]} 21. Bd3 {[%emt 0:01:21]} Nxg3 {[%emt 0:05:23]} 22. fxg3 {[%emt 0:01:02]} Qe3+ {[%emt 0:00:03]} 23. Kh1 {[%emt 0:00:10]} Qxg3 {[%emt 0:00:13]} 24. Qh5 {[%emt 0:00:06]} Bf4 {[%emt 0:03:56]} 25. Rf3 {[%emt 0:03:47]} Re1+ {[%emt 0:01:38]} 26. Rxe1 {[%emt 0:00:05]} Qxe1+ {[%emt 0:00:04]} 27. Bf1 {[%emt 0:00:06]} Re8 {[%emt 0:07:28]} 28. g3 {[%emt 0:01:23]} Re3 {[%emt 0:00:26]} 29. gxf4 {[%emt 0:00:25]} Rxb3 {[%emt 0:00:34]} 30. Rxb3 {[%emt 0:01:17]} Qxf1+ {[%emt 0:00:04]} 31. Kh2 {[%emt 0:00:08]} Qf2+ {[%emt 0:00:46]} 32. Kh3 {[%emt 0:01:35]} Qf1+ {[%emt 0:00:36]} 1/2-1/2

[Event "27th 4NCL Congress Open 2022"]
[Site "Harrogate"]
[Date "2022.01.22"]
[Round "2.18"]
[White "Ther, Mate"]
[Black "Fathallah, Joe"]
[Result "1-0"]
[WhiteElo "2031"]
[BlackElo "1882"]
[Annotator "ChessBase"]
[PlyCount "75"]
[EventDate "2022.01.21"]
[EventType "swiss"]
[EventCountry "ENG"]
[SourceTitle "playchess.com"]
[Source "ChessBase"]
[SourceQuality "1"]
[TimeControl "5400+30"]

1. e4 {[%emt 0:00:37]} e6 {[%emt 0:00:07]} 2. d4 {[%emt 0:00:03]} d5 {[%emt 0:00:06]} 3. Nd2 {[%emt 0:00:06]} Nc6 {[%emt 0:00:23]} 4. Ngf3 {[%emt 0:00:22]} Nf6 {[%emt 0:00:11]} 5. e5 {[%emt 0:00:08]} Nd7 {[%emt 0:00:14]} 6. Bd3 {[%emt 0:00:12]} f6 {[%emt 0:02:17]} 7. Ng5 {[%emt 0:01:02]} fxg5 {[%emt 0:05:20]} 8. Qh5+ {[%emt 0:00:29]} g6 {[%emt 0:11:36]} 9. Bxg6+ {[%emt 0:00:21]} hxg6 {[%emt 0:00:12]} 10. Qxg6+ {[%emt 0:00:19]} Ke7 {[%emt 0:00:17]} 11. Ne4 {[%emt 0:00:30]} Bh6 {[%emt 0:05:25]} 12. Bxg5+ {[%emt 0:00:10]} Bxg5 {[%emt 0:00:17]} 13. Qg7+ {[%emt 0:00:05]} Ke8 {[%emt 0:00:46]} 14. Qxh8+ {[%emt 0:00:05]} Nf8 {[%emt 0:04:24]} 15. Qh5+ {[%emt 0:00:07]} Kd7 {[%emt 0:01:25]} 16. Nc5+ {[%emt 0:00:09]} Ke7 {[%emt 0:00:38]} 17. Qxg5+ {[%emt 0:00:09]} Kf7 {[%emt 0:01:14]} 18. Qxd8 {[%emt 0:01:09]} Nxd8 {[%emt 0:00:09]} 19. h4 {[%emt 0:00:35]} b6 {[%emt 0:00:49]} 20. Nd3 {[%emt 0:00:13]} Ba6 {[%emt 0:00:19]} 21. g4 {[%emt 0:02:10]} Nc6 {[%emt 0:00:34]} 22. Kd2 {[%emt 0:11:15]} Nxd4 {[%emt 0:00:31]} 23. Rh3 {[%emt 0:01:15]} Ng6 {[%emt 0:07:22]} 24. f4 {[%emt 0:03:25]} Kg7 {[%emt 0:03:14]} 25. h5 {[%emt 0:03:22]} Rh8 {[%emt 0:10:33]} 26. Rah1 {[%emt 0:18:50]} Bxd3 {[%emt 0:06:32]} 27. Rxd3 {[%emt 0:00:14]} c5 {[%emt 0:10:20]} 28. c3 {[%emt 0:01:38]} Ne2 {[%emt 0:05:37]} 29. Rf1 {[%emt 0:09:59]} Ngxf4 {[%emt 0:01:35]} 30. Re3 {[%emt 0:00:31]} Kh6 {[%emt 0:02:04]} 31. Rxe2 {[%emt 0:00:20]} Nxe2 {[%emt 0:00:06]} 32. Rf6+ {[%emt 0:00:09]} Kg5 {[%emt 0:01:16]} 33. Rg6+ {[%emt 0:00:06]} Kf4 {[%emt 0:00:29]} 34. Kxe2 {[%emt 0:00:05]} Kxe5 {[%emt 0:00:41]} 35. h6 {[%emt 0:00:16]} Kf4 {[%emt 0:01:14]} 36. g5 {[%emt 0:00:06]} Kf5 {[%emt 0:08:34]} 37. Rg7 {[%emt 0:00:09]} e5 {[%emt 0:00:44]} 38. h7 {[%emt 0:00:09]} 1-0

[Event "27th 4NCL Congress Open 2022"]
[Site "Harrogate"]
[Date "2022.01.22"]
[Round "2.19"]
[White "Stokes, Michael"]
[Black "Brencher, Paul"]
[Result "0-1"]
[WhiteElo "2071"]
[BlackElo "1875"]
[Annotator "ChessBase"]
[PlyCount "106"]
[EventDate "2022.01.21"]
[EventType "swiss"]
[EventCountry "ENG"]
[SourceTitle "playchess.com"]
[Source "ChessBase"]
[SourceQuality "1"]
[TimeControl "5400+30"]

1. e4 {[%emt 0:01:56]} d6 {[%emt 0:00:09]} 2. d4 {[%emt 0:00:10]} Nf6 {[%emt 0:00:07]} 3. Nc3 {[%emt 0:00:09]} c6 {[%emt 0:00:08]} 4. f4 {[%emt 0:00:13]} Qa5 {[%emt 0:00:08]} 5. Bd3 {[%emt 0:03:07]} e5 {[%emt 0:00:06]} 6. Nf3 {[%emt 0:02:45]} exd4 {[%emt 0:00:15]} 7. Nxd4 {[%emt 0:00:10]} g6 {[%emt 0:00:08]} 8. O-O {[%emt 0:01:00]} Bg7 {[%emt 0:00:05]} 9. Kh1 {[%emt 0:02:19]} O-O {[%emt 0:00:13]} 10. Be2 {[%emt 0:04:21]} Nbd7 {[%emt 0:02:31]} 11. Nb3 {[%emt 0:06:11]} Qc7 {[%emt 0:02:07]} 12. Be3 {[%emt 0:01:06]} b5 {[%emt 0:14:01]} 13. Bf3 {[%emt 0:05:53]} Bb7 {[%emt 0:05:47]} 14. Qd3 {[%emt 0:03:24]} Rad8 {[%emt 0:07:17]} 15. Rad1 {[%emt 0:05:32]} Nb6 {[%emt 0:01:22]} 16. Nd2 {[%emt 0:03:56]} b4 {[%emt 0:12:06]} 17. Bxb6 {[%emt 0:01:41]} axb6 {[%emt 0:06:36]} 18. Ne2 {[%emt 0:00:36]} b5 {[%emt 0:00:38]} 19. Qb3 {[%emt 0:10:42]} c5 {[%emt 0:02:28]} 20. Ng3 {[%emt 0:05:05]} Rfe8 {[%emt 0:05:04]} 21. f5 {[%emt 0:03:46]} d5 {[%emt 0:11:09]} 22. fxg6 {[%emt 0:01:30]} hxg6 {[%emt 0:00:35]} 23. Qe3 {[%emt 0:09:42]} Nxe4 {[%emt 0:06:48]} 24. Ndxe4 {[%emt 0:02:12]} dxe4 {[%emt 0:00:10]} 25. Rxd8 {[%emt 0:07:34]} Qxd8 {[%emt 0:00:26]} 26. Bg4 {[%emt 0:04:31]} Qe7 {[%emt 0:08:03]} 27. Be2 {[%emt 0:03:48]} Bc6 {[%emt 0:01:13]} 28. Qb3 {[%emt 0:02:58]} c4 {[%emt 0:01:47]} 29. Qe3 {[%emt 0:00:49]} Bxb2 {[%emt 0:00:29]} 30. Bg4 {[%emt 0:01:10]} Bg7 {[%emt 0:01:18]} 31. Ne2 {[%emt 0:00:55]} Bd7 {[%emt 0:02:06]} 32. Bxd7 {[%emt 0:01:20]} Qxd7 {[%emt 0:00:01]} 33. Qc5 {[%emt 0:00:22]} Bf8 {[%emt 0:03:45]} 34. Qg5 {[%emt 0:00:40]} Bg7 {[%emt 0:01:28]} 35. h4 {[%emt 0:01:23]} Re5 {[%emt 0:00:55]} 36. Qg3 {[%emt 0:02:19]} Rf5 {[%emt 0:00:59]} 37. Nf4 {[%emt 0:02:01]} Be5 {[%emt 0:02:51]} 38. Qe3 {[%emt 0:00:13]} Bxf4 {[%emt 0:00:48]} 39. Rxf4 {[%emt 0:00:03]} Rxf4 {[%emt 0:00:49]} 40. Qxf4 {[%emt 0:00:02]} Qd1+ {[%emt 0:00:45]} 41. Kh2 {[%emt 0:00:02]} Qxc2 {[%emt 0:00:10]} 42. Qb8+ {[%emt 0:00:32]} Kh7 {[%emt 0:00:41]} 43. Qe8 {[%emt 0:00:05]} Qf2 {[%emt 0:00:32]} 44. Qxe4 {[%emt 0:00:05]} Qf5 {[%emt 0:00:48]} 45. Qe2 {[%emt 0:00:23]} c3 {[%emt 0:00:24]} 46. g4 {[%emt 0:00:16]} Qf4+ {[%emt 0:00:21]} 47. Kh3 {[%emt 0:00:14]} Qc4 {[%emt 0:00:51]} 48. Qc2 {[%emt 0:00:20]} Qd4 {[%emt 0:00:46]} 49. h5 {[%emt 0:00:49]} Qe3+ {[%emt 0:00:18]} 50. Kh4 {[%emt 0:00:12]} Kg7 {[%emt 0:00:10]} 51. h6+ {[%emt 0:01:49]} Kxh6 {[%emt 0:00:09]} 52. g5+ {[%emt 0:00:40]} Qxg5+ {[%emt 0:00:06]} 53. Kh3 {[%emt 0:00:04]} Qf5+ {[%emt 0:00:05]} 0-1

[Event "27th 4NCL Congress Open 2022"]
[Site "Harrogate"]
[Date "2022.01.22"]
[Round "2.20"]
[White "Smerdon, David C"]
[Black "Horspool, Philip J"]
[Result "0-1"]
[WhiteElo "2508"]
[BlackElo "2028"]
[Annotator "TA"]
[PlyCount "90"]
[EventDate "2022.01.21"]
[EventType "swiss"]
[EventCountry "ENG"]
[SourceTitle "playchess.com"]
[Source "ChessBase"]
[SourceQuality "1"]

{[%evp 14,90,58,16,42,25,46,24,46,31,54,18,17,0,0,-131,-124,-205,-141,-139,-146,-139,-134,-197,-194,-204,-187,-239,-180,-279,-289,-279,-83,-261,-256,-318,-325,-333,-136,-416,-401,-384,-93,-88,-77,-71,0,-24,-23,-35,-7,0,0,0,0,-21,0,-2,16,0,0,0,0,-86,-91,-671,-684,-622,-599,-606,-514,-592,-546,-729,-722,-29966,-29967,-29998,-29999]} 1. e4 e5 2. Nf3 Nc6 3. Bc4 Nf6 4. Ng5 d5 5. exd5 Na5 6. Bb5+ Bd7 7. Qe2 Be7 8. Nc3 (8. b4 Bxb4 9. Qxe5+ Kf8 $11) (8. Nf3 $14) 8... O-O {[%cal Of6d5] C58: Two Knights: 4 Ng5 d5 5 exd5 Na5 sidelines.} 9. Bd3 Bg4 10. f3 (10. Qxe5 Bd6 11. Qe3 Re8 $15) 10... Bh5 {White has an edge.} 11. h4 {[#]} ({Don't play} 11. Qxe5 Nd7 12. Qe4 (12. Bxh7+ Kh8 $17) 12... Bg6 $15) (11. O-O $5 {[%cal Ra1b1]}) 11... e4 $146 ({Predecessor:} 11... c6 12. g4 Bg6 13. Bxg6 hxg6 14. d6 Bxd6 15. d3 c5 16. Be3 Nc6 17. O-O-O Nd4 {1-0 (25) Sergeev,V (2508)-Sodoma,J (2379) Rakovnik 2008}) 12. Bxe4 Nxe4 ({Don't do} 12... h6 13. d3 $1 $14) 13. Ngxe4 ({Much worse is} 13. Qxe4 Bxg5 14. hxg5 Re8 $1 15. Rxh5 Rxe4+ 16. fxe4 g6 $15) 13... f5 14. d3 fxe4 $17 15. Qxe4 (15. dxe4 $17 a6 16. Bd2) 15... b6 16. Bd2 Bg6 17. Qg4 Bf5 18. Qg3 (18. Qa4 $17 {is a better defense.}) 18... Bd6 19. Qf2 Qe7+ 20. Ne4 (20. Kf1 {keeps fighting.}) 20... Rae8 {[%cal Rf5e4]} 21. Be3 (21. O-O-O $142) 21... Bxe4 $19 22. dxe4 Be5 $2 (22... Qe5 $19 {is more deadly.} 23. O-O-O Nc4) 23. c3 $2 (23. O-O-O $17 {only move.}) 23... Nc4 {[%cal Oc7c6]} 24. Bg5 Qd6 {aiming for ...Bg3.} 25. O-O-O Bf4+ (25... h6 $19 26. Bd2 Bf4) 26. Bxf4 {[%mdl 8192]} (26. Kb1 $17) 26... Qxf4+ 27. Kb1 {[#]} Nd6 $2 (27... Qxe4+ $3 $19 {[%mdl 512] and Black stays clearly on top.} 28. Kc1 Qf4+ 29. Kb1 Ne3) 28. Qd2 $17 Qg3 (28... Qf7 {seems wilder.} 29. Qd4 a5 30. h5 h6 31. Rh4 b5) 29. Rh3 Qf4 {Black is more active.} ({Black should play} 29... Qe5 $17) 30. Qxf4 Rxf4 31. b3 Re5 32. Kc2 Kf8 33. Kd3 Re7 34. a3 Ke8 35. c4 Nb7 36. b4 {[%mdl 1024] White has compensation.} Kd7 37. Ke3 Rf8 38. f4 (38. Rg3 $11 {remains equal.}) 38... Nd6 {[%csl LRc4,LRe4]} 39. c5 $2 {[%mdl 8192]} (39. e5 $17) 39... Nxe4 $19 40. Kf3 bxc5 {Threatens to win with ...g5.} 41. bxc5 Nxc5 42. Rhh1 Rb8 {Strongly threatening ...Rb3+.} 43. a4 Rb3+ 44. Kg4 Ne4 45. Rhf1 Rg3+ {Weighted Error Value: White=0.74/Black=0.44} 0-1

[Event "27th 4NCL Congress Open 2022"]
[Site "Harrogate"]
[Date "2022.01.22"]
[Round "2.21"]
[White "Pink, Joshua"]
[Black "De Sousa Muachikape, Jael"]
[Result "1-0"]
[WhiteElo "1939"]
[BlackElo "1841"]
[Annotator "ChessBase"]
[PlyCount "39"]
[EventDate "2022.01.21"]
[EventType "swiss"]
[EventCountry "ENG"]
[SourceTitle "playchess.com"]
[Source "ChessBase"]
[SourceQuality "1"]
[TimeControl "5400+30"]

1. e4 {[%emt 0:03:54]} c6 {[%emt 0:00:08]} 2. d4 {[%emt 0:00:17]} d5 {[%emt 0:00:03]} 3. e5 {[%emt 0:00:36]} Bf5 {[%emt 0:00:08]} 4. Nc3 {[%emt 0:00:11]} e6 {[%emt 0:00:09]} 5. g4 {[%emt 0:00:09]} Bg6 {[%emt 0:00:15]} 6. Nge2 {[%emt 0:00:07]} c5 {[%emt 0:05:21]} 7. h4 {[%emt 0:00:10]} f6 {[%emt 0:03:43]} 8. h5 {[%emt 0:06:58]} Bf7 {[%emt 0:00:07]} 9. f4 {[%emt 0:00:11]} cxd4 {[%emt 0:00:05]} 10. Nxd4 {[%emt 0:00:23]} fxe5 {[%emt 0:00:26]} 11. Bb5+ {[%emt 0:01:12]} Nd7 {[%emt 0:00:10]} 12. fxe5 {[%emt 0:01:02]} Bb4 {[%emt 0:00:56]} 13. O-O {[%emt 0:03:44]} Qh4 {[%emt 0:03:39]} 14. Bxd7+ {[%emt 0:02:51]} Kxd7 {[%emt 0:00:12]} 15. Rxf7+ {[%emt 0:00:56]} Ne7 {[%emt 0:00:11]} 16. Qf3 {[%emt 0:02:04]} Qe1+ {[%emt 0:00:29]} 17. Kg2 {[%emt 0:03:34]} Rhf8 {[%emt 0:08:22]} 18. Rxf8 {[%emt 0:02:08]} Rxf8 {[%emt 0:00:22]} 19. Qxf8 {[%emt 0:01:04]} Nf5 {[%emt 0:01:29]} 20. Qf7+ {[%emt 0:00:21]} 1-0

[Event "27th 4NCL Congress Open 2022"]
[Site "Harrogate"]
[Date "2022.01.22"]
[Round "2.22"]
[White "Miller, George"]
[Black "Bak, Christopher"]
[Result "1/2-1/2"]
[WhiteElo "1796"]
[BlackElo "2022"]
[Annotator "ChessBase"]
[PlyCount "60"]
[EventDate "2022.01.21"]
[EventType "swiss"]
[EventCountry "ENG"]
[SourceTitle "playchess.com"]
[Source "ChessBase"]
[SourceQuality "1"]
[TimeControl "5400+30"]

1. e4 {[%emt 0:03:15]} e6 {[%emt 0:00:10]} 2. Nc3 {[%emt 0:00:11]} d5 {[%emt 0:00:07]} 3. Nf3 {[%emt 0:00:10]} Nf6 {[%emt 0:00:13]} 4. e5 {[%emt 0:00:17]} Nfd7 {[%emt 0:00:09]} 5. d4 {[%emt 0:00:08]} c5 {[%emt 0:00:06]} 6. Bg5 {[%emt 0:00:12]} Qb6 {[%emt 0:00:07]} 7. dxc5 {[%emt 0:00:07]} Bxc5 {[%emt 0:00:08]} 8. Qd2 {[%emt 0:00:58]} Nc6 {[%emt 0:01:36]} 9. Na4 {[%emt 0:04:29]} Bxf2+ {[%emt 0:14:05]} 10. Qxf2 {[%emt 0:13:29]} Qb4+ {[%emt 0:02:58]} 11. Nc3 {[%emt 0:00:09]} Qxb2 {[%emt 0:01:55]} 12. Kd2 {[%emt 0:00:12]} Qxa1 {[%emt 0:07:41]} 13. Nb5 {[%emt 0:01:01]} Ncxe5 {[%emt 0:44:27]} 14. Bd3 {[%emt 0:20:09]} Nxd3 {[%emt 0:02:32]} 15. Kxd3 {[%emt 0:08:21]} Qxa2 {[%emt 0:04:11]} 16. Nc7+ {[%emt 0:14:23]} Kf8 {[%emt 0:00:03]} 17. Nxa8 {[%emt 0:01:02]} Qc4+ {[%emt 0:01:03]} 18. Kd2 {[%emt 0:00:18]} Nc5 {[%emt 0:00:37]} 19. Re1 {[%emt 0:07:32]} b6 {[%emt 0:03:14]} 20. Ne5 {[%emt 0:06:34]} Qb4+ {[%emt 0:00:07]} 21. Kc1 {[%emt 0:02:56]} f5 {[%emt 0:01:36]} 22. Bf4 {[%emt 0:07:31]} g5 {[%emt 0:06:32]} 23. Bxg5 {[%emt 0:00:55]} Ne4 {[%emt 0:01:27]} 24. Bh6+ {[%emt 0:00:28]} Ke8 {[%emt 0:02:01]} 25. Qh4 {[%emt 0:05:25]} Qa3+ {[%emt 0:01:37]} 26. Kd1 {[%emt 0:00:09]} Qa1+ {[%emt 0:00:21]} 27. Bc1 {[%emt 0:02:11]} Nc3+ {[%emt 0:03:58]} 28. Kd2 {[%emt 0:00:09]} Nb1+ {[%emt 0:00:06]} 29. Kd1 {[%emt 0:00:19]} Nc3+ {[%emt 0:00:27]} 30. Kd2 {[%emt 0:00:05]} Nb1+ {[%emt 0:00:55]} 1/2-1/2